000 00318nam a2200121 a 4500
005 20140414132112.0
008 110805s19uu xx 00 eng d
050 _aTR 372.19
_bH66 2002
100 _aHodges, Di
245 _a365 TV-free Activities for kids.
260 _aAustralia :
_bHinkler,
_c2002.
999 _c114795
_d114795